000 00329nam a22001457a 4500
003 SGT
020 _a978-93-91910-29-7
082 _a615
_bTRI
100 _aTRIPATHI, D. K.
245 _aINDUSTRIAL PHARMACY -I
260 _aINDIA
_bPHARMA MED PUB.
_c2023
300 _a525
650 _aINDUSTRIAL PHARMACY
942 _2ddc
_cBK
999 _c32532
_d32532